[Event "WCO2014"]
[Site "Tromso"]
[Date "2014.08.09"]
[Round "7.39"]
[WhiteID "3504409"]
[White "Quesada Perez Yuniesky"]
[BlackID "13401653"]
[Black "Mamedov Rauf"]
[Result "1/2-1/2"]
[LiveChessVersion "1.4.3"]
[BlackElo "2659"]
[WhiteElo "2649"]

1. e4 {[%clk 1:30:57]} c5 {[%clk 1:30:50]} 2. Nf3 {[%clk 1:31:21]} Nc6
{[%clk 1:31:15]} 3. Bb5 {[%clk 1:31:44]} d6 {[%clk 1:31:19]} 4. O-O
{[%clk 1:31:28]} Bd7 {[%clk 1:31:39]} 5. Re1 {[%clk 1:31:28]} Nf6
{[%clk 1:32:03]} 6. c3 {[%clk 1:31:33]} a6 {[%clk 1:32:27]} 7. Bf1
{[%clk 1:31:23]} Bg4 {[%clk 1:32:48]} 8. h3 {[%clk 1:31:12]} Bxf3
{[%clk 1:33:13]} 9. Qxf3 {[%clk 1:31:38]} e6 {[%clk 1:33:38]} 10. d3
{[%clk 1:29:15]} Be7 {[%clk 1:32:36]} 11. Nd2 {[%clk 1:27:51]} O-O
{[%clk 1:31:40]} 12. Qd1 {[%clk 1:19:39]} Nd7 {[%clk 1:25:32]} 13. Nf3
{[%clk 1:19:24]} Nde5 {[%clk 1:25:40]} 14. Nxe5 {[%clk 1:18:19]} dxe5
{[%clk 1:21:53]} 15. Be3 {[%clk 1:16:02]} Kh8 {[%clk 1:19:07]} 16. a3
{[%clk 1:11:40]} Rc8 {[%clk 1:17:57]} 17. b4 {[%clk 1:06:11]} cxb4
{[%clk 1:12:01]} 18. axb4 {[%clk 1:06:32]} Bg5 {[%clk 1:12:23]} 19. Qd2
{[%clk 0:59:42]} h6 {[%clk 1:12:36]} 20. Be2 {[%clk 0:50:48]} Qe7
{[%clk 0:55:35]} 21. Rab1 {[%clk 0:47:24]} Rfd8 {[%clk 0:53:21]} 22. b5
{[%clk 0:43:22]} axb5 {[%clk 0:49:18]} 23. Bxg5 {[%clk 0:40:58]} Qxg5
{[%clk 0:42:50]} 24. Qxg5 {[%clk 0:41:18]} hxg5 {[%clk 0:43:17]} 25. Rxb5
{[%clk 0:41:41]} Rd7 {[%clk 0:43:41]} 26. Rc5 {[%clk 0:37:27]} Ra8
{[%clk 0:42:39]} 27. Rb1 {[%clk 0:36:57]} Ra3 {[%clk 0:41:20]} 28. Kf1
{[%clk 0:34:35]} g6 {[%clk 0:37:27]} 29. Ke1 {[%clk 0:33:28]} Kg7
{[%clk 0:37:06]} 30. Kd1 {[%clk 0:32:01]} Kf6 {[%clk 0:35:27]} 31. Kc2
{[%clk 0:28:06]} Ra2+ {[%clk 0:33:20]} 32. Rb2 {[%clk 0:28:31]} Ra1
{[%clk 0:33:40]} 33. Bd1 {[%clk 0:26:43]} Na5 {[%clk 0:24:35]} 34. g3
{[%clk 0:23:31]} Ke7 {[%clk 0:23:26]} 35. Rxe5 {[%clk 0:09:47]} Rxd1
{[%clk 0:23:41]} 36. Kxd1 {[%clk 0:07:14]} Nc4 {[%clk 0:24:06]} 37. Reb5
{[%clk 0:07:21]} Nxb2+ {[%clk 0:24:28]} 38. Rxb2 {[%clk 0:07:44]} Rxd3+
{[%clk 0:24:55]} 39. Ke2 {[%clk 0:07:52]} Rxc3 {[%clk 0:25:06]} 40. Rxb7+
{[%clk 0:08:15]} Kf6 {[%clk 0:25:28]} 41. Rb5 {[%clk 0:08:20]} Ra3
{[%clk 0:25:24]} 42. Rc5 {[%clk 0:08:29]} 1/2-1/2

[Event "WCO2014"]
[Site "Tromso"]
[Date "2014.08.09"]
[Round "7.40"]
[WhiteID "13401378"]
[White "Guseinov Gadir"]
[BlackID "3507165"]
[Black "Ortiz Suarez Isan Reynaldo"]
[Result "1-0"]
[LiveChessVersion "1.4.3"]
[BlackElo "2603"]
[WhiteElo "2613"]

1. e4 {[%clk 1:30:58]} c5 {[%clk 1:30:51]} 2. Nc3 {[%clk 1:31:13]} d6
{[%clk 1:31:14]} 3. Nf3 {[%clk 1:31:29]} Nf6 {[%clk 1:31:24]} 4. d4
{[%clk 1:31:53]} cxd4 {[%clk 1:31:50]} 5. Nxd4 {[%clk 1:32:18]} a6
{[%clk 1:32:14]} 6. a4 {[%clk 1:31:41]} Nc6 {[%clk 1:30:37]} 7. a5
{[%clk 1:22:05]} e6 {[%clk 1:22:38]} 8. Nxc6 {[%clk 1:18:42]} bxc6
{[%clk 1:23:04]} 9. Be3 {[%clk 1:19:05]} Nd7 {[%clk 1:17:13]} 10. Bd3
{[%clk 1:09:27]} Be7 {[%clk 1:16:47]} 11. O-O {[%clk 1:08:17]} O-O
{[%clk 1:14:30]} 12. Na4 {[%clk 1:00:26]} c5 {[%clk 1:10:45]} 13. c3
{[%clk 1:00:07]} Bb7 {[%clk 1:09:07]} 14. b4 {[%clk 0:51:01]} Qc7
{[%clk 1:01:00]} 15. Qe2 {[%clk 0:42:19]} Rfb8 {[%clk 0:34:43]} 16. Bf4
{[%clk 0:27:17]} e5 {[%clk 0:24:17]} 17. Bd2 {[%clk 0:22:04]} d5 {[%clk 0:21:28]}
18. exd5 {[%clk 0:19:02]} cxb4 {[%clk 0:20:15]} 19. cxb4 {[%clk 0:18:14]} Qd6
{[%clk 0:20:17]} 20. Nc3 {[%clk 0:07:51]} Nf6 {[%clk 0:20:02]} 21. f4
{[%clk 0:07:32]} e4 {[%clk 0:17:33]} 22. Nxe4 {[%clk 0:07:08]} Qxd5
{[%clk 0:17:08]} 23. Nxf6+ {[%clk 0:02:55]} Bxf6 {[%clk 0:16:47]} 24. Bc4
{[%clk 0:03:21]} Qd7 {[%clk 0:09:30]} 25. Rad1 {[%clk 0:01:54]} Re8
{[%clk 0:09:45]} 26. Be3 {[%clk 0:02:08]} Qe7 {[%clk 0:08:10]} 27. Rfe1
{[%clk 0:02:13]} Qxb4 {[%clk 0:07:50]} 28. Rb1 {[%clk 0:01:02]} Qe7
{[%clk 0:06:20]} 29. Bf2 {[%clk 0:01:16]} Qxe2 {[%clk 0:03:13]} 30. Rxe2
{[%clk 0:01:37]} Rxe2 {[%clk 0:03:38]} 31. Bxe2 {[%clk 0:02:02]} Be4
{[%clk 0:03:30]} 32. Rb4 {[%clk 0:01:51]} Bd5 {[%clk 0:03:42]} 33. Rb6
{[%clk 0:01:23]} Bd8 {[%clk 0:01:25]} 34. Rd6 {[%clk 0:01:41]} Bb7
{[%clk 0:00:54]} 35. Bc4 {[%clk 0:00:48]} Bxa5 {[%clk 0:00:34]} 36. Rd7
{[%clk 0:01:09]} Bc6 {[%clk 0:00:36]} 37. Rxf7 {[%clk 0:01:32]} Kh8
{[%clk 0:00:33]} 38. Bd4 {[%clk 0:01:55]} Bb5 {[%clk 0:00:47]} 39. Rxg7
{[%clk 0:01:44]} Bxc4 {[%clk 0:00:37]} 40. Rg5# 1-0

[Event "WCO2014"]
[Site "Tromso"]
[Date "2014.08.09"]
[Round "7.21"]
[WhiteID "309095"]
[White "Navara David"]
[BlackID "4126025"]
[Black "Grischuk Alexander"]
[Result "1-0"]
[LiveChessVersion "1.4.3"]
[BlackElo "2795"]
[WhiteElo "2716"]

1. Nf3 {[%clk 1:30:56]} c5 {[%clk 1:30:14]} 2. e4 {[%clk 1:31:21]} d6
{[%clk 1:30:38]} 3. d4 {[%clk 1:31:47]} cxd4 {[%clk 1:31:04]} 4. Nxd4
{[%clk 1:32:11]} Nf6 {[%clk 1:31:28]} 5. Nc3 {[%clk 1:32:33]} a6 {[%clk 1:31:55]}
6. h3 {[%clk 1:32:59]} e6 {[%clk 1:21:33]} 7. g4 {[%clk 1:33:19]} h6
{[%clk 1:21:57]} 8. Bg2 {[%clk 1:31:36]} Be7 {[%clk 1:21:39]} 9. Be3
{[%clk 1:29:44]} Nc6 {[%clk 1:21:29]} 10. f4 {[%clk 1:26:20]} Nd7
{[%clk 1:20:59]} 11. O-O {[%clk 1:24:04]} Nxd4 {[%clk 1:07:57]} 12. Qxd4
{[%clk 1:23:30]} O-O {[%clk 1:08:01]} 13. Qd2 {[%clk 1:18:31]} Rb8
{[%clk 1:07:58]} 14. Rad1 {[%clk 0:58:39]} b5 {[%clk 0:52:19]} 15. Ne2
{[%clk 0:54:31]} Qc7 {[%clk 0:32:45]} 16. f5 {[%clk 0:51:01]} Nf6
{[%clk 0:14:40]} 17. Ng3 {[%clk 0:45:28]} Re8 {[%clk 0:07:18]} 18. Bd4
{[%clk 0:21:10]} e5 {[%clk 0:05:37]} 19. Be3 {[%clk 0:21:21]} Bb7
{[%clk 0:05:14]} 20. Bxh6 {[%clk 0:15:36]} gxh6 {[%clk 0:05:43]} 21. Qxh6
{[%clk 0:15:56]} Nh7 {[%clk 0:06:07]} 22. f6 {[%clk 0:16:19]} Bf8
{[%clk 0:06:31]} 23. Qh5 {[%clk 0:15:25]} Qc5+ {[%clk 0:06:28]} 24. Kh2
{[%clk 0:15:01]} Qe3 {[%clk 0:04:19]} 25. h4 {[%clk 0:15:19]} Qh6
{[%clk 0:03:57]} 26. Qxh6 {[%clk 0:15:24]} Bxh6 {[%clk 0:04:26]} 27. g5
{[%clk 0:15:39]} Bf8 {[%clk 0:02:34]} 28. g6 {[%clk 0:15:21]} Bh6
{[%clk 0:02:09]} 29. Nf5 {[%clk 0:15:07]} Bf4+ {[%clk 0:00:35]} 30. Rxf4
{[%clk 0:15:24]} Nxf6 {[%clk 0:01:02]} 31. gxf7+ {[%clk 0:09:38]} Kxf7
{[%clk 0:01:31]} 32. Nxd6+ {[%clk 0:09:58]} Ke7 {[%clk 0:01:13]} 33. Nxe8
{[%clk 0:10:02]} exf4 {[%clk 0:01:06]} 34. Nxf6 {[%clk 0:10:25]} Kxf6
{[%clk 0:01:32]} 35. Rd6+ {[%clk 0:10:36]} Ke5 {[%clk 0:01:57]} 36. Rb6
{[%clk 0:10:58]} f3 {[%clk 0:02:11]} 37. Bxf3 {[%clk 0:11:22]} Rf8
{[%clk 0:02:39]} 38. Kg3 {[%clk 0:11:16]} Bxe4 {[%clk 0:02:36]} 39. Bxe4
{[%clk 0:11:39]} Kxe4 {[%clk 0:03:03]} 40. Re6+ {[%clk 0:11:26]} 1-0

[Event "WCO2014"]
[Site "Tromso"]
[Date "2014.08.09"]
[Round "7.22"]
[WhiteID "4102142"]
[White "Svidler Peter"]
[BlackID "316385"]
[Black "Laznicka Viktor"]
[Result "0-1"]
[LiveChessVersion "1.4.3"]
[BlackElo "2676"]
[WhiteElo "2751"]

1. e4 {[%clk 1:30:57]} c6 {[%clk 1:30:54]} 2. d4 {[%clk 1:31:22]} d5
{[%clk 1:31:22]} 3. e5 {[%clk 1:31:45]} Bf5 {[%clk 1:31:49]} 4. Nf3
{[%clk 1:32:06]} e6 {[%clk 1:32:09]} 5. Be2 {[%clk 1:32:32]} Ne7 {[%clk 1:31:49]}
6. Nbd2 {[%clk 1:31:46]} c5 {[%clk 1:22:15]} 7. dxc5 {[%clk 1:31:09]} Nec6
{[%clk 1:22:30]} 8. Nb3 {[%clk 1:31:21]} Nd7 {[%clk 1:19:55]} 9. O-O
{[%clk 1:14:57]} Bg4 {[%clk 1:18:24]} 10. Nfd4 {[%clk 0:58:04]} Bxe2
{[%clk 1:18:33]} 11. Qxe2 {[%clk 0:58:28]} Nxd4 {[%clk 1:18:34]} 12. Nxd4
{[%clk 0:58:44]} Bxc5 {[%clk 1:18:55]} 13. Be3 {[%clk 0:57:46]} O-O
{[%clk 0:46:37]} 14. f4 {[%clk 0:51:59]} Qc7 {[%clk 0:40:23]} 15. Rac1
{[%clk 0:43:59]} Rac8 {[%clk 0:39:27]} 16. b3 {[%clk 0:28:39]} a6
{[%clk 0:24:21]} 17. c3 {[%clk 0:22:37]} Rfe8 {[%clk 0:22:28]} 18. Bf2
{[%clk 0:18:42]} b5 {[%clk 0:15:07]} 19. Kh1 {[%clk 0:16:58]} g6 {[%clk 0:11:52]}
20. h4 {[%clk 0:13:33]} Bf8 {[%clk 0:05:53]} 21. Nf3 {[%clk 0:06:11]} Nc5
{[%clk 0:05:50]} 22. Bd4 {[%clk 0:06:10]} Ne4 {[%clk 0:04:07]} 23. Kh2
{[%clk 0:06:36]} Qa5 {[%clk 0:04:18]} 24. c4 {[%clk 0:05:03]} bxc4
{[%clk 0:04:41]} 25. bxc4 {[%clk 0:05:33]} Ba3 {[%clk 0:04:59]} 26. Rc2
{[%clk 0:05:35]} Qa4 {[%clk 0:05:25]} 27. Qd3 {[%clk 0:03:47]} Rc7
{[%clk 0:04:03]} 28. Rb1 {[%clk 0:02:34]} Rec8 {[%clk 0:03:57]} 29. Qb3
{[%clk 0:01:51]} Qxb3 {[%clk 0:03:22]} 30. axb3 {[%clk 0:02:20]} dxc4
{[%clk 0:03:44]} 31. Ra1 {[%clk 0:02:42]} Bb4 {[%clk 0:03:29]} 32. bxc4
{[%clk 0:01:51]} Rxc4 {[%clk 0:01:20]} 33. Rxc4 {[%clk 0:02:20]} Rxc4
{[%clk 0:01:46]} 34. Rxa6 {[%clk 0:02:43]} Nd2 {[%clk 0:02:02]} 35. Ra8+
{[%clk 0:00:46]} Kg7 {[%clk 0:02:28]} 36. Bf2 {[%clk 0:00:41]} Rxf4
{[%clk 0:00:40]} 37. Kg3 {[%clk 0:00:39]} Rf5 {[%clk 0:00:58]} 38. Be3
{[%clk 0:00:52]} Nxf3 {[%clk 0:01:01]} 39. gxf3 {[%clk 0:01:21]} Be1+
{[%clk 0:01:15]} 40. Kg2 {[%clk 0:01:38]} Bxh4 {[%clk 0:01:22]} 41. Bc5
{[%clk 0:01:22]} h5 {[%clk 0:00:39]} 0-1

[Event "WCO2014"]
[Site "Tromso"]
[Date "2014.08.09"]
[Round "7.23"]
[WhiteID "300071"]
[White "Hracek Zbynek"]
[BlackID "14109603"]
[Black "Karjakin Sergey"]
[Result "1/2-1/2"]
[LiveChessVersion "1.4.3"]
[BlackElo "2786"]
[WhiteElo "2634"]

1. e4 {[%clk 1:30:57]} e5 {[%clk 1:30:54]} 2. Nf3 {[%clk 1:31:15]} Nc6
{[%clk 1:31:19]} 3. d4 {[%clk 1:31:41]} exd4 {[%clk 1:31:44]} 4. Nxd4
{[%clk 1:32:04]} Nf6 {[%clk 1:32:09]} 5. Nxc6 {[%clk 1:32:23]} bxc6
{[%clk 1:32:33]} 6. e5 {[%clk 1:32:45]} Qe7 {[%clk 1:32:57]} 7. Qe2
{[%clk 1:33:09]} Nd5 {[%clk 1:33:18]} 8. c4 {[%clk 1:33:33]} Nb6 {[%clk 1:33:10]}
9. Nc3 {[%clk 1:33:56]} Ba6 {[%clk 1:33:13]} 10. Qe4 {[%clk 1:18:12]} f6
{[%clk 1:33:23]} 11. exf6 {[%clk 1:09:00]} Qxe4+ {[%clk 1:33:38]} 12. Nxe4
{[%clk 1:09:27]} gxf6 {[%clk 1:27:49]} 13. Nxf6+ {[%clk 0:54:06]} Kf7
{[%clk 1:28:06]} 14. Nh5 {[%clk 0:54:02]} Bb4+ {[%clk 1:18:40]} 15. Kd1
{[%clk 0:50:18]} Bxc4 {[%clk 1:18:57]} 16. Bxc4+ {[%clk 0:49:22]} Nxc4
{[%clk 1:19:19]} 17. Kc2 {[%clk 0:45:48]} a5 {[%clk 1:08:21]} 18. b3
{[%clk 0:34:16]} Nb6 {[%clk 1:05:42]} 19. Nf4 {[%clk 0:33:52]} Rhe8
{[%clk 1:03:29]} 20. Be3 {[%clk 0:33:39]} Bd6 {[%clk 1:00:07]} 21. Nd3
{[%clk 0:28:59]} Nd5 {[%clk 0:59:51]} 22. Rhe1 {[%clk 0:21:49]} Nb4+
{[%clk 0:54:33]} 23. Kd2 {[%clk 0:18:44]} a4 {[%clk 0:54:55]} 24. Red1
{[%clk 0:14:54]} Nd5 {[%clk 0:50:31]} 25. g3 {[%clk 0:15:22]} Bf8
{[%clk 0:47:30]} 26. Bd4 {[%clk 0:14:24]} d6 {[%clk 0:47:40]} 27. Rab1
{[%clk 0:10:39]} c5 {[%clk 0:47:04]} 28. Bb2 {[%clk 0:10:07]} Rab8
{[%clk 0:43:25]} 29. Ba1 {[%clk 0:08:50]} Rb5 {[%clk 0:36:03]} 30. Re1
{[%clk 0:03:06]} Rxe1 {[%clk 0:34:32]} 31. Nxe1 {[%clk 0:03:26]} c4
{[%clk 0:33:47]} 32. Nc2 {[%clk 0:03:51]} cxb3 {[%clk 0:32:37]} 33. axb3
{[%clk 0:04:20]} c5 {[%clk 0:32:59]} 34. Na3 {[%clk 0:03:12]} Rxb3
{[%clk 0:33:21]} 35. Rxb3 {[%clk 0:03:39]} axb3 {[%clk 0:33:46]} 36. Nc4
{[%clk 0:04:06]} Nf6 {[%clk 0:25:27]} 37. Na5 {[%clk 0:04:11]} Ng4
{[%clk 0:19:06]} 38. f3 {[%clk 0:03:19]} Nxh2 {[%clk 0:13:51]} 39. Ke2
{[%clk 0:03:45]} Bg7 {[%clk 0:14:10]} 40. Bxg7 {[%clk 0:02:31]} Kxg7
{[%clk 0:14:35]} 41. Nxb3 {[%clk 0:02:56]} Kf6 {[%clk 0:14:02]} 42. Kf2
{[%clk 0:19:53]} c4 {[%clk 0:44:21]} 43. Nd2 {[%clk 0:14:44]} d5 {[%clk 0:44:39]}
44. Kg2 {[%clk 0:14:31]} c3 {[%clk 0:34:31]} 45. Nb3 {[%clk 0:14:51]} Nxf3
{[%clk 0:34:13]} 46. Kxf3 {[%clk 0:15:15]} c2 {[%clk 0:34:38]} 47. Ke3
{[%clk 0:09:44]} Kg5 {[%clk 0:34:51]} 48. Kd2 {[%clk 0:10:11]} Kg4
{[%clk 0:35:15]} 49. Kxc2 {[%clk 0:10:01]} Kxg3 {[%clk 0:35:40]} 50. Kd2
{[%clk 0:10:19]} h5 {[%clk 0:35:59]} 51. Nd4 {[%clk 0:10:42]} h4 {[%clk 0:36:13]}
52. Nf5+ {[%clk 0:11:08]} Kg4 {[%clk 0:36:40]} 53. Nxh4 {[%clk 0:11:33]} Kxh4
{[%clk 0:37:05]} 54. Ke3 {[%clk 0:12:00]} d4+ {[%clk 0:37:32]} 55. Kxd4 1/2-1/2

[Event "WCO2014"]
[Site "Tromso"]
[Date "2014.08.09"]
[Round "7.24"]
[WhiteID "4168119"]
[White "Nepomniachtchi Ian"]
[BlackID "301264"]
[Black "Babula Vlastimil"]
[Result "1/2-1/2"]
[LiveChessVersion "1.4.3"]
[BlackElo "2549"]
[WhiteElo "2714"]

1. e4 {[%clk 1:30:51]} c5 {[%clk 1:30:35]} 2. Nf3 {[%clk 1:31:13]} Nc6
{[%clk 1:30:48]} 3. Bb5 {[%clk 1:31:37]} d6 {[%clk 1:30:55]} 4. d4
{[%clk 1:29:55]} cxd4 {[%clk 1:31:06]} 5. Qxd4 {[%clk 1:30:19]} Bd7
{[%clk 1:31:08]} 6. Qd3 {[%clk 1:30:36]} g6 {[%clk 1:30:35]} 7. O-O
{[%clk 1:30:45]} Bg7 {[%clk 1:30:25]} 8. c4 {[%clk 1:31:09]} Nf6 {[%clk 1:30:15]}
9. h3 {[%clk 1:31:16]} O-O {[%clk 1:29:56]} 10. Nc3 {[%clk 1:31:42]} a6
{[%clk 1:29:11]} 11. Bxc6 {[%clk 1:31:23]} Bxc6 {[%clk 1:29:19]} 12. Be3
{[%clk 1:30:37]} Rc8 {[%clk 1:25:18]} 13. Nd4 {[%clk 1:30:57]} Nd7
{[%clk 1:24:17]} 14. Rac1 {[%clk 1:31:05]} Nc5 {[%clk 1:22:33]} 15. Qc2
{[%clk 1:27:28]} Qa5 {[%clk 1:18:09]} 16. Rfd1 {[%clk 1:20:13]} Rfe8
{[%clk 1:11:09]} 17. Qb1 {[%clk 1:18:56]} Ne6 {[%clk 0:53:12]} 18. Nxe6
{[%clk 1:16:47]} fxe6 {[%clk 0:48:25]} 19. b4 {[%clk 1:14:09]} Qh5
{[%clk 0:47:47]} 20. f3 {[%clk 1:11:12]} Rf8 {[%clk 0:30:10]} 21. Qd3
{[%clk 1:08:13]} Be5 {[%clk 0:27:51]} 22. Bd4 {[%clk 1:05:19]} Bxd4+
{[%clk 0:26:42]} 23. Qxd4 {[%clk 1:05:43]} Qg5 {[%clk 0:26:54]} 24. Kh1
{[%clk 1:05:00]} Be8 {[%clk 0:20:40]} 25. Ne2 {[%clk 1:01:13]} Bf7
{[%clk 0:19:37]} 26. c5 {[%clk 0:53:53]} e5 {[%clk 0:19:31]} 27. Qb2
{[%clk 0:54:00]} Rfd8 {[%clk 0:15:09]} 28. cxd6 {[%clk 0:53:02]} Rxc1
{[%clk 0:14:28]} 29. Rxc1 {[%clk 0:53:28]} exd6 {[%clk 0:14:03]} 30. b5
{[%clk 0:44:54]} axb5 {[%clk 0:08:49]} 31. Qxb5 {[%clk 0:45:17]} Qe7
{[%clk 0:08:07]} 32. Qb2 {[%clk 0:39:19]} d5 {[%clk 0:07:39]} 33. exd5
{[%clk 0:38:44]} Rxd5 {[%clk 0:04:25]} 34. Nc3 {[%clk 0:38:29]} Rc5
{[%clk 0:03:54]} 35. Re1 {[%clk 0:38:11]} Qc7 {[%clk 0:02:45]} 36. Re3
{[%clk 0:38:14]} Qd7 {[%clk 0:00:32]} 37. Ne4 {[%clk 0:34:56]} Qd4
{[%clk 0:00:43]} 38. Qa3 {[%clk 0:35:22]} Rc2 {[%clk 0:00:42]} 39. Rd3
{[%clk 0:23:23]} Rxa2 {[%clk 0:00:40]} 40. Rxd4 {[%clk 0:23:02]} Rxa3
{[%clk 0:00:53]} 41. Rd8+ {[%clk 0:23:28]} Kg7 {[%clk 0:01:07]} 42. Rd7
{[%clk 0:23:55]} Kf8 {[%clk 0:27:29]} 43. Nf6 {[%clk 0:52:17]} h6
{[%clk 0:21:41]} 44. Rxb7 {[%clk 0:51:47]} Be6 {[%clk 0:21:54]} 45. Rb5
{[%clk 0:48:07]} Kf7 {[%clk 0:14:13]} 46. Ne4 {[%clk 0:48:18]} Bf5
{[%clk 0:14:27]} 47. Nd6+ {[%clk 0:45:00]} Ke6 {[%clk 0:13:57]} 48. Rb6
{[%clk 0:43:42]} Ra1+ {[%clk 0:11:48]} 49. Kh2 {[%clk 0:44:07]} Rb1
{[%clk 0:11:55]} 50. Ra6 {[%clk 0:41:14]} Bd3 {[%clk 0:11:43]} 51. Nb5+
{[%clk 0:41:17]} Kf5 {[%clk 0:10:20]} 52. Nd6+ {[%clk 0:41:42]} Ke6
{[%clk 0:10:38]} 53. Ra3 {[%clk 0:38:13]} Kxd6 {[%clk 0:10:55]} 54. Rxd3+
{[%clk 0:38:40]} Ke6 {[%clk 0:11:20]} 55. Ra3 {[%clk 0:39:06]} Rb4
{[%clk 0:11:14]} 56. Ra6+ {[%clk 0:39:31]} Kf7 {[%clk 0:11:38]} 57. Kg3
{[%clk 0:39:44]} h5 {[%clk 0:11:55]} 58. h4 {[%clk 0:40:00]} Rc4 {[%clk 0:12:14]}
59. Kh3 {[%clk 0:40:03]} Rb4 {[%clk 0:11:52]} 60. Ra3 {[%clk 0:40:17]} Rd4
{[%clk 0:11:47]} 61. g4 {[%clk 0:40:09]} e4 {[%clk 0:11:24]} 62. Ra7+
{[%clk 0:40:21]} Kg8 {[%clk 0:11:15]} 63. gxh5 {[%clk 0:40:23]} gxh5
{[%clk 0:11:30]} 64. fxe4 {[%clk 0:40:39]} Rxe4 {[%clk 0:11:50]} 65. Ra5
{[%clk 0:41:07]} Re3+ {[%clk 0:11:56]} 66. Kg2 {[%clk 0:41:36]} Kg7
{[%clk 0:12:07]} 67. Rxh5 {[%clk 0:42:02]} Kg6 {[%clk 0:12:25]} 68. Rg5+
{[%clk 0:42:29]} Kh6 {[%clk 0:12:50]} 69. Rg3 {[%clk 0:42:57]} Rxg3+
{[%clk 0:13:05]} 70. Kxg3 {[%clk 0:43:23]} Kh7 {[%clk 0:13:26]} 71. Kg4
{[%clk 0:43:48]} Kg7 {[%clk 0:13:49]} 72. Kg5 {[%clk 0:44:14]} Kh7
{[%clk 0:14:16]} 73. h5 {[%clk 0:44:41]} Kg7 {[%clk 0:14:42]} 74. h6+
{[%clk 0:45:08]} Kh7 {[%clk 0:15:08]} 75. Kh5 {[%clk 0:45:36]} Kh8
{[%clk 0:15:32]} 76. Kg6 {[%clk 0:46:05]} Kg8 {[%clk 0:15:57]} 77. h7+
{[%clk 0:46:33]} Kh8 {[%clk 0:16:23]} 78. Kh6 {[%clk 0:47:00]} 1/2-1/2

[Event "WCO2014"]
[Site "Tromso"]
[Date "2014.08.09"]
[Round "7.30"]
[WhiteID "11600454"]
[White "Fridman Daniel"]
[BlackID "1500015"]
[Black "Agdestein Simen"]
[Result "1/2-1/2"]
[LiveChessVersion "1.4.3"]
[BlackElo "2630"]
[WhiteElo "2639"]

1. d4 {[%clk 1:30:58]} d5 {[%clk 1:30:53]} 2. c4 {[%clk 1:31:03]} dxc4
{[%clk 1:31:19]} 3. e4 {[%clk 1:30:38]} Nf6 {[%clk 1:31:37]} 4. e5
{[%clk 1:30:54]} Nd5 {[%clk 1:32:00]} 5. Bxc4 {[%clk 1:31:15]} Nc6
{[%clk 1:32:19]} 6. Ne2 {[%clk 1:20:13]} Bf5 {[%clk 1:31:12]} 7. O-O
{[%clk 1:13:49]} e6 {[%clk 1:29:44]} 8. Nbc3 {[%clk 1:12:40]} Nb6
{[%clk 1:23:39]} 9. Bb3 {[%clk 1:10:31]} Qd7 {[%clk 1:23:48]} 10. Be3
{[%clk 1:08:50]} O-O-O {[%clk 1:21:24]} 11. Qc1 {[%clk 1:05:53]} Na5
{[%clk 1:00:30]} 12. Rd1 {[%clk 1:02:24]} Nxb3 {[%clk 0:51:31]} 13. axb3
{[%clk 1:02:46]} a6 {[%clk 0:51:49]} 14. Nf4 {[%clk 0:55:56]} Bb4
{[%clk 0:38:36]} 15. Na2 {[%clk 0:33:21]} Qb5 {[%clk 0:32:53]} 16. Nc3
{[%clk 0:20:24]} Bxc3 {[%clk 0:27:33]} 17. Qxc3 {[%clk 0:20:45]} Nd5
{[%clk 0:26:51]} 18. Nxd5 {[%clk 0:19:48]} Rxd5 {[%clk 0:26:46]} 19. Rdc1
{[%clk 0:17:46]} Qd7 {[%clk 0:22:26]} 20. b4 {[%clk 0:17:25]} h6 {[%clk 0:18:17]}
21. f3 {[%clk 0:16:24]} Rd8 {[%clk 0:16:27]} 22. Ra5 {[%clk 0:15:51]} Rxa5
{[%clk 0:14:45]} 23. bxa5 {[%clk 0:16:12]} Qe7 {[%clk 0:15:01]} 24. Bf2
{[%clk 0:05:18]} Rd5 {[%clk 0:14:38]} 25. Bh4 {[%clk 0:05:06]} g5
{[%clk 0:07:33]} 26. Bf2 {[%clk 0:05:29]} c6 {[%clk 0:05:07]} 27. h3
{[%clk 0:03:56]} Qd8 {[%clk 0:03:49]} 28. b4 {[%clk 0:04:01]} Qg8
{[%clk 0:02:01]} 29. g4 {[%clk 0:03:15]} Bh7 {[%clk 0:02:05]} 30. Kg2
{[%clk 0:03:24]} Qg6 {[%clk 0:01:37]} 31. Qa3 {[%clk 0:03:13]} Qg8
{[%clk 0:01:14]} 32. Rh1 {[%clk 0:02:04]} Bg6 {[%clk 0:01:26]} 33. Be3
{[%clk 0:01:55]} Qd8 {[%clk 0:01:33]} 34. Qc3 {[%clk 0:01:45]} Kb8
{[%clk 0:01:08]} 35. Bf2 {[%clk 0:01:33]} Kc8 {[%clk 0:01:23]} 36. Be3
{[%clk 0:01:21]} Kb8 {[%clk 0:01:11]} 37. Qe1 {[%clk 0:01:17]} f5
{[%clk 0:01:05]} 38. exf6 {[%clk 0:01:32]} Qxf6 {[%clk 0:01:31]} 39. Bf2
{[%clk 0:01:30]} Kc8 {[%clk 0:01:36]} 40. Bg3 {[%clk 0:01:01]} Qe7
{[%clk 0:01:24]} 41. Qc3 {[%clk 0:24:54]} Rb5 {[%clk 0:26:17]} 42. Be1
{[%clk 0:21:45]} Kd7 {[%clk 0:20:40]} 43. Rf1 {[%clk 0:20:34]} e5
{[%clk 0:15:44]} 44. dxe5 {[%clk 0:19:58]} Rxe5 {[%clk 0:13:36]} 45. Bg3
{[%clk 0:17:28]} Re2+ {[%clk 0:12:42]} 46. Rf2 {[%clk 0:17:36]} Rxf2+
{[%clk 0:12:35]} 47. Kxf2 {[%clk 0:17:44]} Bf7 {[%clk 0:09:15]} 48. Be5
{[%clk 0:17:02]} Bd5 {[%clk 0:08:56]} 49. Bg7 {[%clk 0:15:25]} Qd6
{[%clk 0:08:45]} 50. Be5 {[%clk 0:14:07]} Qe7 {[%clk 0:07:27]} 51. Kg3
{[%clk 0:13:48]} Ke8 {[%clk 0:06:23]} 52. Qd4 {[%clk 0:12:31]} Qe6
{[%clk 0:05:14]} 53. Kf2 {[%clk 0:08:51]} Kf8 {[%clk 0:04:18]} 54. Bh8
{[%clk 0:07:22]} Qd6 {[%clk 0:03:42]} 55. Qc5 {[%clk 0:05:36]} Qxc5+
{[%clk 0:03:23]} 56. bxc5 {[%clk 0:05:51]} Kf7 {[%clk 0:03:44]} 57. Be5
{[%clk 0:05:57]} Kg6 {[%clk 0:03:41]} 58. Bd6 {[%clk 0:06:12]} h5
{[%clk 0:03:34]} 1/2-1/2

[Event "WCO2014"]
[Site "Tromso"]
[Date "2014.08.09"]
[Round "7.31"]
[WhiteID "1503707"]
[White "Hammer Jon Ludvig"]
[BlackID "1202758"]
[Black "Nisipeanu Liviu-Dieter"]
[Result "1/2-1/2"]
[LiveChessVersion "1.4.3"]
[BlackElo "2689"]
[WhiteElo "2628"]

1. c4 {[%clk 1:30:57]} e6 {[%clk 1:30:24]} 2. Nc3 {[%clk 1:31:18]} d5
{[%clk 1:30:40]} 3. d4 {[%clk 1:31:40]} Nf6 {[%clk 1:30:26]} 4. cxd5
{[%clk 1:25:53]} exd5 {[%clk 1:30:49]} 5. Bg5 {[%clk 1:26:16]} c6
{[%clk 1:31:10]} 6. e3 {[%clk 1:26:41]} Bf5 {[%clk 1:28:44]} 7. Qf3
{[%clk 1:27:03]} Bg6 {[%clk 1:29:11]} 8. Bxf6 {[%clk 1:27:25]} Qxf6
{[%clk 1:29:37]} 9. Qxf6 {[%clk 1:27:46]} gxf6 {[%clk 1:30:03]} 10. Nf3
{[%clk 1:19:50]} Nd7 {[%clk 1:30:25]} 11. Nh4 {[%clk 1:19:48]} Nb6
{[%clk 1:21:08]} 12. O-O-O {[%clk 1:20:09]} Bb4 {[%clk 1:15:46]} 13. Ne2
{[%clk 1:06:42]} Rc8 {[%clk 1:10:03]} 14. Nf4 {[%clk 0:58:50]} c5
{[%clk 0:57:58]} 15. Nhxg6 {[%clk 0:59:08]} cxd4+ {[%clk 0:58:07]} 16. Kb1
{[%clk 0:59:22]} hxg6 {[%clk 0:58:31]} 17. Rxd4 {[%clk 0:59:40]} Bd6
{[%clk 0:58:34]} 18. Nxd5 {[%clk 1:00:00]} Nxd5 {[%clk 0:58:28]} 19. Rxd5
{[%clk 0:59:52]} Rxh2 {[%clk 0:58:44]} 20. Bb5+ {[%clk 0:58:23]} Kf8
{[%clk 0:56:00]} 21. Rxh2 {[%clk 0:30:11]} Bxh2 {[%clk 0:55:38]} 22. Rd1
{[%clk 0:30:38]} Rc5 {[%clk 0:43:52]} 23. Ba4 {[%clk 0:29:54]} Rg5
{[%clk 0:39:10]} 24. g3 {[%clk 0:12:17]} Rf5 {[%clk 0:39:25]} 25. f4
{[%clk 0:08:35]} Bxg3 {[%clk 0:39:28]} 26. Rd7 {[%clk 0:09:01]} Bf2
{[%clk 0:37:37]} 27. Bb3 {[%clk 0:09:25]} Bxe3 {[%clk 0:37:17]} 28. Rxf7+
{[%clk 0:09:48]} Ke8 {[%clk 0:37:41]} 29. Rxb7 {[%clk 0:10:13]} Rxf4
{[%clk 0:31:29]} 30. Bf7+ {[%clk 0:10:37]} Kd8 {[%clk 0:31:46]} 31. Bxg6
{[%clk 0:11:01]} Bb6 {[%clk 0:25:51]} 32. Kc2 {[%clk 0:10:06]} f5
{[%clk 0:25:07]} 33. Rf7 {[%clk 0:10:21]} Rf2+ {[%clk 0:25:18]} 34. Kc3
{[%clk 0:10:06]} f4 {[%clk 0:25:39]} 35. b4 {[%clk 0:10:02]} Rxa2 1/2-1/2